00891nam a2200241Ia 4500008004100000020001500041082002600056100004500082245007800127250001800205260006500223260000900288260000900297300001000306500004300316650003400359650003000393650001500423650003800438942001500476999001700491952014100508260312s9999 xx 000 0 und d aD.L. 74418 a344.022 N790 1990 HNA aAsociación Chilena de Seguridad935107 0aNormas legales sobre accidentes del trabajo y enfermedades profesionales. a2a. edición aAlfredo Grasset M., editor Juan Alberto Alcalde H., editor bs.l. c1990 a203p. aColección Humberto Nogueira Alcalá aAccidentes del trabajo911499 aAspectos jurídicos9365 aChile9121 aEnfermedades ocupacionales935108 2ddccLIBRO c19940d19940 00102ddc40708CGaBCbBCd2025-08-30eDonación Humberto Nogueiral0o344.022 N790 1990 HNAp27549r2026-05-06t1w2026-05-06yLIBRO